000 00610nac a22002051u 4500
008 090402t xxu||||| |||| 00| 0 eng d
010 _a99067431
020 _a0672329387
020 _a9780672329388
082 0 0 _a005.756
_bDUB
100 _aDuBois, Paul,
_93061
245 1 0 _aMy SQL /
_cPaul DuBois.
250 _a4th ed.
260 _aUpper Saddle River, NJ. :
_bAddison- Wesley,
_cc2009.
300 _axx, 1195 p. ;
_c23 cm.
500 _a"Developer's Library" --cover.
500 _aIncludes index.
650 0 _aSQL (Computer program language)
_93062
942 _cBB
_k005.756 DUB
_2ddc
999 _c11164
_d11164